| 000 | 00467nam a2200121Ia 4500 | ||
|---|---|---|---|
| 008 | 220616s9999||||xx |||||||||||||| ||und|| | ||
| 245 | 0 | _aChina Dreams | |
| 546 | _aEnglish[eng] | ||
| 650 | _aChina||politics and government||foreign relations||Hong Kong||AI||technology||education||Tibet||trust | ||
| 700 | _aGolley, Jane||Jaivin, Linda||Hillman, Ben||Strange, Sharon | ||
| 856 | _uhttps://library.oapen.org/bitstream/20.500.12657/37595/1/chinadreams.pdf | ||
| 942 | _cEB | ||
| 999 |
_c21043 _d21043 |
||